[Event "XIII - WC Individual Men"]
[Site "Malente GER"]
[Date "2004.07.27"]
[Round "4.11"]
[White "Hoffmann R. (GER)"]
[Black "Frajka P. (SVK) "]
[Result "1-0"]
[WhiteElo "2139"]
[BlackElo "1805"]
[PlyCount "103"]
[EventDate "2004.??.??"]
[EventType "swiss"]
[EventRounds "11"]
[EventCountry "GER"]

1. d4 Nf6 2. c4 g6 3. Nc3 Bg7 4. Nf3 d6 5. Bg5 O-O 6. e3 Nbd7 7. Be2 Re8 8. O-O
c5 9. Qc2 b6 10. Rfe1 Bb7 11. h3 Rc8 12. d5 Nf8 13. Rad1 N6d7 14. Nd2 Ra8 15.
f4 f5 16. e4 fxe4 17. Ndxe4 Nf6 18. Bf3 Nxe4 19. Nxe4 Qc7 20. Re2 e5 21. fxe5
Rxe5 22. Bf4 Bc8 23. Bxe5 Bxe5 24. Nc3 Qf7 25. Rxe5 dxe5 26. d6 Bf5 27. Qe2 Rd8
28. Bd5 Be6 29. Qxe5 Re8 30. Re1 Nd7 31. Qe3 Nf8 32. d7 Qxd7 33. Ne4 Qd8 34.
Qc3 Kf7 35. Rf1+ Kg8 36. Nf6+ Kf7 37. Nxe8+ Kxe8 38. Qg7 Qe7 39. Qxe7+ Kxe7 40.
Re1 Kd6 41. Rd1 Bf5 42. g4 Bc8 43. Bb7+ Kc7 44. Bxc8 Kxc8 45. Rf1 Nd7 46. Rf7
h5 47. gxh5 gxh5 48. b3 a6 49. Rh7 Nf6 50. Rh6 Ne4 51. Rxb6 a5 52. Ra6 1-0

[Event "XIII - WC Individual Men"]
[Site "Malente GER"]
[Date "2004.07.27"]
[Round "4.11"]
[White "Wagner P. (SUI)"]
[Black "Kluss E. (LAT)"]
[Result "1/2-1/2"]
[WhiteElo "1810"]
[BlackElo "1805"]
[PlyCount "165"]
[EventDate "2004.??.??"]
[EventType "swiss"]
[EventRounds "11"]
[EventCountry "GER"]

1. e4 e5 2. Nf3 Nc6 3. Bb5 Nf6 4. O-O a6 5. Ba4 Be7 6. Re1 O-O 7. c3 b5 8. Bb3
Bc5 9. d4 exd4 10. cxd4 Bb6 11. Nc3 h6 12. e5 Nh7 13. Qd3 Re8 14. a3 d6 15. Bc2
Nf8 16. Qe4 Bd7 17. Qd3 dxe5 18. dxe5 Bg4 19. Bf4 Qxd3 20. Bxd3 Bxf3 21. gxf3
Rad8 22. Rad1 Bd4 23. Bc2 Ne6 24. Bg3 Ng5 25. Kg2 Ne6 26. f4 Na5 27. Bd3 Nb3
28. h4 Nbc5 29. Bb1 Bxc3 30. bxc3 Rxd1 31. Rxd1 Rd8 32. Rxd8+ Nxd8 33. Bc2 Nc6
34. f3 g6 35. Bf2 Ne6 36. Be3 h5 37. Kf2 Kf8 38. Ke2 Na5 39. Be4 Nc4 40. Bc1
Nc5 41. Bd5 Nb6 42. Ba2 Ke7 43. Be3 Ncd7 44. Kd3 Ke8 45. Ke4 Ke7 46. f5 Na4 47.
Bd4 c5 48. fxg6 fxg6 49. Bg8 cxd4 50. Kxd4 Nab6 51. f4 Na4 52. c4 bxc4 53. Bxc4
Nac5 54. Kd5 a5 55. Bb5 Ne6 56. Ke4 Ndc5+ 57. Kd5 Nb3 58. Ke4 Nd2+ 59. Ke3 Nb1
60. a4 Nc3 61. Bd3 Nd5+ 62. Kd2 Ndxf4 63. Be4 Nc5 64. Bc2 Ke6 65. Kc3 Kxe5 66.
Kc4 Kd6 67. Kb5 Nb7 68. Kb6 Nc5 69. Kxa5 g5 70. hxg5 h4 71. Bd1 h3 72. Bf3 h2
73. Kb5 Nxa4 74. Kxa4 Ke5 75. Kb3 Kf5 76. Kc2 Kxg5 77. Kd2 Kh4 78. Ke1 Kg3 79.
Bh1 Nd3+ 80. Kf1 Nf2 81. Bc6 Nd1 82. Bh1 Ne3+ 83. Ke1 1/2-1/2

[Event "XIII - WC Individual Men"]
[Site "Malente GER"]
[Date "2004.07.27"]
[Round "4.11"]
[White "Màtè B. (HUN)"]
[Black "Peshev T. (BUL)"]
[Result "1-0"]
[WhiteElo "2182"]
[BlackElo "1840"]
[PlyCount "113"]
[EventDate "2004.??.??"]
[EventType "swiss"]
[EventRounds "11"]
[EventCountry "GER"]

1. d4 d5 2. c4 e6 3. Nf3 Nf6 4. Bg5 Be7 5. e3 O-O 6. Nc3 c6 7. Bd3 Nbd7 8. O-O
b6 9. Rc1 Bb7 10. Qe2 Re8 11. h3 a6 12. Rfd1 h6 13. Bf4 Bf8 14. Ne5 Nxe5 15.
Bxe5 Nd7 16. Bg3 g6 17. a3 a5 18. Qf3 Qf6 19. Qxf6 Nxf6 20. cxd5 exd5 21. Bc7
b5 22. a4 b4 23. Nb1 Rec8 24. Bg3 Nd7 25. b3 Ba6 26. Bxa6 Rxa6 27. Nd2 f6 28.
Rc2 c5 29. dxc5 Rxc5 30. Rxc5 Nxc5 31. Rc1 Kf7 32. f3 Ke6 33. Kf1 f5 34. Ke2
Rc6 35. Bb8 Bg7 36. Ba7 Bc3 37. Bxc5 Rxc5 38. Nb1 f4 39. exf4 d4 40. Kd3 Kf5
41. g3 g5 42. fxg5 hxg5 43. Nd2 Rc6 44. Ne4 Rh6 45. Rh1 Rc6 46. h4 g4 47. fxg4+
Kxg4 48. Rf1 Ra6 49. Rf4+ Kh3 50. h5 Bb2 51. Rh4+ Kg2 52. h6 Ra8 53. h7 Rh8 54.
Nd6 Rf8 55. h8=Q Rf3+ 56. Ke4 Re3+ 57. Kd5 1-0

[Event "XIII - WC Individual Men"]
[Site "Malente GER"]
[Date "2004.07.27"]
[Round "4.11"]
[White "Carmichael I. (SCO)"]
[Black "Bairamov A. (TKM)"]
[Result "0-1"]
[WhiteElo "1805"]
[BlackElo "1805"]
[PlyCount "88"]
[EventDate "2004.??.??"]
[EventType "swiss"]
[EventRounds "11"]
[EventCountry "GER"]

1. f4 d5 2. d4 Nf6 3. e3 e6 4. Nf3 c5 5. c3 Nc6 6. Bd3 Be7 7. O-O Qc7 8. Nbd2
Bd7 9. Ne5 Rc8 10. Ndf3 h6 11. Nxc6 bxc6 12. Ne5 cxd4 13. exd4 O-O 14. Qf3 Bd6
15. Be3 Rb8 16. b4 Bc8 17. Qg3 Ne4 18. Bxe4 dxe4 19. Ng4 Kh7 20. Qh4 f5 21. Ne5
Bxe5 22. dxe5 Ba6 23. Rfd1 Rfd8 24. Bc5 Rbc8 25. Qf2 Bd3 26. Bxa7 Rd7 27. Bc5
Ra8 28. a4 g5 29. a5 Rg7 30. Rd2 gxf4 31. Bd6 Qf7 32. Qxf4 Rg4 33. Qf2 Qg7 34.
Raa2 Qg5 35. Bc5 f4 36. Qd4 Rd8 37. Bd6 Qh4 38. Rd1 Rdg8 39. Qf2 Qh5 40. Rxd3
exd3 41. a6 Rxg2+ 42. Qxg2 Qd1+ 43. Kf2 Rxg2+ 44. Kxg2 d2 0-1

[Event "XIII - WC Individual Men"]
[Site "Malente GER"]
[Date "2004.07.28"]
[Round "5.11"]
[White "Anarkulov A. (UZB)"]
[Black "Georgiev V. (BUL)"]
[Result "1-0"]
[WhiteElo "2166"]
[BlackElo "2332"]
[PlyCount "107"]
[EventDate "2004.??.??"]
[EventType "swiss"]
[EventRounds "11"]
[EventCountry "GER"]

1. d4 Nf6 2. c4 g6 3. Nc3 Bg7 4. e4 d6 5. Be2 O-O 6. Nf3 e5 7. dxe5 dxe5 8.
Qxd8 Rxd8 9. Bg5 Re8 10. O-O-O h6 11. Bh4 Kf8 12. h3 c6 13. Rd6 Nh5 14. Rhd1
Na6 15. Na4 Nf4 16. Bf1 Ne6 17. Bg3 Nac5 18. Nc3 Nf4 19. Bh2 a5 20. Rd8 Be6 21.
Rxa8 Rxa8 22. b3 Ke7 23. Ne1 Ke8 24. f3 Bd7 25. Bg1 Bf8 26. Kc2 Rc8 27. a3 Nfe6
28. g3 f5 29. exf5 gxf5 30. Nd3 Nxd3 31. Bxd3 Bxa3 32. Re1 e4 33. fxe4 f4 34.
e5 fxg3 35. Ne4 Ke7 36. Nxg3 Rg8 37. Nf5+ Kf8 38. Be3 Rg2+ 39. Re2 Rxe2+ 40.
Bxe2 Nf4 41. Bg4 h5 42. Bxf4 hxg4 43. hxg4 Kf7 44. Bd2 b6 45. Kd3 Ke6 46. Bc3
c5 47. Ng7+ Ke7 48. e6 Bc6 49. g5 Bc1 50. Bf6+ Kf8 51. g6 Bg5 52. e7+ Kg8 53.
e8=Q+ Bxe8 54. Nxe8 1-0

[Event "XIII - WC Individual Men"]
[Site "Malente GER"]
[Date "2004.07.28"]
[Round "5.11"]
[White "Checiak K. (POL)"]
[Black "Kovalenko V.N. (UKR)"]
[Result "0-1"]
[WhiteElo "2117"]
[BlackElo "2263"]
[PlyCount "158"]
[EventDate "2004.??.??"]
[EventType "swiss"]
[EventRounds "11"]
[EventCountry "GER"]

1. d4 c5 2. d5 Nf6 3. Nf3 b5 4. Bg5 d6 5. Bxf6 exf6 6. c4 b4 7. e4 g6 8. Bd3
Bg7 9. Qc2 O-O 10. Nbd2 a5 11. a3 bxa3 12. bxa3 f5 13. Rb1 Re8 14. O-O fxe4 15.
Bxe4 Nd7 16. Qd1 Nf6 17. Bc2 Bd7 18. Ba4 Rb8 19. Qc2 Bf5 20. Rxb8 Qxb8 21. Qd1
Rd8 22. Bc2 Bd7 23. Qb1 a4 24. Qxb8 Rxb8 25. Rb1 Rxb1+ 26. Nxb1 Ng4 27. Kf1 Bb2
28. Ke2 Kg7 29. h3 Ne5 30. Nxe5 Bxe5 31. Kd2 Kf6 32. g3 Bb2 33. f4 h5 34. Nc3
Bxa3 35. Bxa4 Bxh3 36. Ne4+ Ke7 37. Bd1 Bf1 38. Be2 Bb4+ 39. Ke3 Bh3 40. Nf2
Bd7 41. Nd1 Be1 42. Nf2 Bxf2+ 43. Kxf2 Kf6 44. Ke3 Bf5 45. Bf3 Bc2 46. Bg2 Bd1
47. Bf1 g5 48. Bd3 Bg4 49. Bc2 Bf5 50. Bd1 Kg6 51. Be2 Bc2 52. Kd2 Bb1 53. fxg5
Kxg5 54. Ke3 Bf5 55. Bf3 Bg4 56. Bg2 Bd1 57. Bh3 Bb3 58. Bf1 Kg4 59. Kf2 Bd1
60. Ke1 Bf3 61. Kf2 Bd1 62. Ke1 Bc2 63. Kf2 Kg5 64. Be2 Bf5 65. Ke3 Bh3 66. Bd3
Bg4 67. Bf1 f5 68. Bd3 Bd1 69. Kf2 Bb3 70. Ke3 Kg4 71. Kf2 Bd1 72. Bb1 f4 73.
gxf4 Kxf4 74. Bd3 h4 75. Bf1 Ke4 76. Kg2 Bg4 77. Kf2 Kd4 78. Kg2 Ke3 79. Kh2
Be2 0-1

[Event "XIII - WC Individual Men"]
[Site "Malente GER"]
[Date "2004.07.28"]
[Round "5.11"]
[White "Nauryzgaliev A. (KAZ)"]
[Black "Schmid J. (CZE)"]
[Result "1-0"]
[WhiteElo "2060"]
[BlackElo "2083"]
[PlyCount "49"]
[EventDate "2004.??.??"]
[EventType "swiss"]
[EventRounds "11"]
[EventCountry "GER"]

1. d4 d5 2. Bg5 c6 3. e3 Bf5 4. Bd3 Bxd3 5. Qxd3 Qb6 6. b3 e6 7. Nf3 c5 8. O-O
h6 9. Bh4 Nd7 10. c4 dxc4 11. bxc4 Ngf6 12. Nc3 Rc8 13. Rab1 Qa6 14. d5 e5 15.
Bxf6 gxf6 16. Nd2 Rg8 17. f4 Rd8 18. Nb5 Bd6 19. Nxd6+ Qxd6 20. Rxb7 Qa6 21.
Rb2 Nb6 22. fxe5 fxe5 23. Qf5 Qb7 24. Ne4 Kf8 25. Nxc5 1-0

[Event "XIII - WC Individual Men"]
[Site "Malente GER"]
[Date "2004.07.28"]
[Round "5.11"]
[White "Simoes J.W. (POR)"]
[Black "Vujcic T. (CRO)"]
[Result "0-1"]
[WhiteElo "2048"]
[BlackElo "2128"]
[PlyCount "106"]
[EventDate "2004.??.??"]
[EventType "swiss"]
[EventRounds "11"]
[EventCountry "GER"]

1. e4 e5 2. Nf3 Nc6 3. Bb5 a6 4. Ba4 Be7 5. O-O Nf6 6. Re1 b5 7. Bb3 d6 8. c3
Bg4 9. d3 Na5 10. Bc2 c5 11. Nbd2 O-O 12. Nf1 Re8 13. h3 Bd7 14. Ng3 Qc8 15. b3
b4 16. d4 bxc3 17. dxe5 dxe5 18. Qd3 c4 19. Qxc3 cxb3 20. Qxa5 Bd8 21. Qd2 bxc2
22. Ba3 Qc4 23. Rec1 Rc8 24. Ne1 Ba4 25. Nd3 Bb6 26. Nb2 Qb5 27. Qg5 h6 28. Qd2
Bd4 29. Nf5 Bxb2 30. Bxb2 Qxb2 31. Qa5 Qb5 32. Qxb5 axb5 33. Nd6 Rcd8 34. Nxe8
Nxe8 35. a3 Rd1+ 36. Kh2 Nc7 37. Kg3 Ne6 38. Kf3 Nd4+ 39. Ke3 Kf8 40. g3 Ke7
41. f4 f6 42. h4 h5 43. f5 Kd6 44. Kf2 Kc5 45. g4 hxg4 46. Kg3 Kc4 47. Kxg4 Kd3
48. Kh5 Kxe4 49. Kg6 Nxf5 50. h5 Kf4 51. h6 gxh6 52. Kxf6 e4 53. Ke6 e3 0-1

[Event "XIII - WC Individual Men"]
[Site "Malente GER"]
[Date "2004.07.28"]
[Round "5.11"]
[White "Gardner P.K. (ENG)"]
[Black "Smatoc M. (ROU)"]
[Result "1/2-1/2"]
[WhiteElo "1830"]
[BlackElo "2090"]
[PlyCount "49"]
[EventDate "2004.??.??"]
[EventType "swiss"]
[EventRounds "11"]
[EventCountry "GER"]

1. e4 c5 2. b3 Nc6 3. Bb2 d6 4. Nf3 e6 5. Bb5 Bd7 6. O-O Nf6 7. d3 Be7 8. Bxc6
Bxc6 9. e5 Ng4 10. d4 dxe5 11. Nxe5 Nxe5 12. dxe5 Qc7 13. Qe2 b5 14. f4 g6 15.
Nd2 Qb7 16. c4 Rd8 17. cxb5 Bxb5 18. Nc4 Qa6 19. Bc3 O-O 20. Rad1 Rd5 21. a4
Bc6 22. Rd2 Rfd8 23. Rfd1 R8d7 24. Kf1 Ba8 25. Ne3 1/2-1/2

[Event "XIII - WC Individual Men"]
[Site "Malente GER"]
[Date "2004.07.28"]
[Round "5.11"]
[White "Gründer M. (GER)"]
[Black "Hoffmann R. (GER)"]
[Result "1/2-1/2"]
[WhiteElo "1805"]
[BlackElo "2139"]
[PlyCount "49"]
[EventDate "2004.??.??"]
[EventType "swiss"]
[EventRounds "11"]
[EventCountry "GER"]

1. c4 c5 2. Nc3 b6 3. Nf3 Bb7 4. e4 d6 5. d4 cxd4 6. Nxd4 Nf6 7. Bd3 g6 8. O-O
Bg7 9. Be3 O-O 10. Rc1 Nbd7 11. f3 Ne5 12. Be2 Rc8 13. b3 Nc6 14. Nxc6 Bxc6 15.
Qd2 Re8 16. Rfd1 Nd7 17. Bf1 Qc7 18. Qf2 Qb8 19. Ne2 Bb7 20. g3 Rcd8 21. Bh3
Nf8 22. Nd4 Nd7 23. Ne2 Nf8 24. Nd4 Nd7 25. Ne2 1/2-1/2

[Event "XIII - WC Individual Men"]
[Site "Malente GER"]
[Date "2004.07.28"]
[Round "5.11"]
[White "Patackas J.P. (LTU)"]
[Black "Stoklasa J. (CZE)"]
[Result "1-0"]
[WhiteElo "1830"]
[BlackElo "1805"]
[PlyCount "45"]
[EventDate "2004.??.??"]
[EventType "swiss"]
[EventRounds "11"]
[EventCountry "GER"]

1. e4 e5 2. Nf3 Nc6 3. Bc4 Bc5 4. c3 Nf6 5. d4 exd4 6. cxd4 Bb4+ 7. Nc3 Nxe4 8.
O-O Bxc3 9. d5 Bf6 10. Re1 Ne7 11. Rxe4 d6 12. Bg5 Bxg5 13. Nxg5 O-O 14. Nxh7
Kxh7 15. Qh5+ Kg8 16. Rh4 f5 17. Qh7+ Kf7 18. Rh6 Rg8 19. Re1 Bd7 20. Ree6 Bxe6
21. dxe6+ Kf8 22. Rf6+ Ke8 23. Qh5+ 1-0

[Event "XIII - WC Individual Men"]
[Site "Malente GER"]
[Date "2004.07.28"]
[Round "5.11"]
[White "Tikhonov A. (RUS)"]
[Black "Màtè B. (HUN)"]
[Result "1/2-1/2"]
[WhiteElo "1910"]
[BlackElo "2182"]
[PlyCount "132"]
[EventDate "2004.??.??"]
[EventType "swiss"]
[EventRounds "11"]
[EventCountry "GER"]

1. c4 c5 2. Nf3 Nc6 3. Nc3 g6 4. g3 Bg7 5. Bg2 Nf6 6. d4 cxd4 7. Nxd4 O-O 8.
Nc2 d6 9. O-O a6 10. Rb1 Qc7 11. b3 Be6 12. Bb2 Rab8 13. Ne3 Ne5 14. h3 b5 15.
cxb5 axb5 16. Ncd5 Nxd5 17. Nxd5 Bxd5 18. Bxd5 Qd7 19. Bg2 Nc6 20. Bxg7 Kxg7
21. Qd5 Rfc8 22. Rfd1 Nd8 23. Rd2 Qe6 24. Qd3 Qe5 25. Rbd1 Rc3 26. Qb1 Qc5 27.
b4 Qc7 28. Qb2 Kg8 29. h4 Ne6 30. Qb1 Rc8 31. Bh3 Qc4 32. e3 Rc1 33. Bxe6 Rxb1
34. Bxc4 Rxd1+ 35. Rxd1 Rxc4 36. Rb1 Kg7 37. Rb2 Kf6 38. Kg2 Ke5 39. Kf3 h5 40.
Ke2 f6 41. Kd3 d5 42. a3 Rc1 43. Rb3 Ra1 44. Ke2 Ra2+ 45. Kf3 Rc2 46. Rd3 Rc4
47. Rb3 Kd6 48. Rb2 Kc6 49. Ke2 e5 50. Kd3 d4 51. exd4 Rxd4+ 52. Kc3 Kd5 53. f3
f5 54. Rg2 e4 55. fxe4+ Rxe4 56. Rd2+ Kc6 57. Rd3 f4 58. gxf4 Rxf4 59. Rh3 Rg4
60. Kb3 Kd5 61. a4 bxa4+ 62. Kxa4 Kc6 63. Ka5 Kb7 64. Kb5 g5 65. hxg5 Rxg5+ 66.
Ka4 Kb6 1/2-1/2

[Event "XIII - WC Individual Men"]
[Site "Malente GER"]
[Date "2004.07.28"]
[Round "5.11"]
[White "Bokros I. (HUN)"]
[Black "Wagner P. (SUI)"]
[Result "1-0"]
[WhiteElo "2130"]
[BlackElo "1810"]
[PlyCount "49"]
[EventDate "2004.??.??"]
[EventType "swiss"]
[EventRounds "11"]
[EventCountry "GER"]

1. d4 Nf6 2. c4 e6 3. Nc3 Bb4 4. Qc2 d5 5. cxd5 exd5 6. Bg5 O-O 7. a3 Bxc3+ 8.
Qxc3 c6 9. Qc2 Be6 10. e3 Nbd7 11. Bd3 h6 12. Bh4 Rc8 13. b4 a5 14. Nf3 Re8 15.
O-O Bg4 16. Nd2 Qb6 17. h3 Be6 18. f4 Nf8 19. Bxf6 gxf6 20. Rf3 axb4 21. Rg3+
Kh8 22. Qd1 f5 23. Qh5 Qc7 24. Qxh6+ Nh7 25. Qg7# 1-0

[Event "XIII - WC Individual Men"]
[Site "Malente GER"]
[Date "2004.07.28"]
[Round "5.11"]
[White "Guy D. (WLS)"]
[Black "Bairamov A. (TKM)"]
[Result "1/2-1/2"]
[WhiteElo "2010"]
[BlackElo "1805"]
[PlyCount "92"]
[EventDate "2004.??.??"]
[EventType "swiss"]
[EventRounds "11"]
[EventCountry "GER"]

1. e4 c5 2. Nf3 d6 3. d4 cxd4 4. Nxd4 Nf6 5. Nc3 g6 6. Be3 Bg7 7. f3 Nc6 8. Bc4
Bd7 9. Qd2 Qc7 10. Bb3 Nxd4 11. Bxd4 O-O 12. O-O-O a5 13. Bxf6 exf6 14. Qxd6
Qxd6 15. Rxd6 Bc6 16. a3 Rfc8 17. Na4 Bxa4 18. Bxa4 Rc7 19. Rhd1 Bh6+ 20. Kb1
Kg7 21. Rd7 Rac8 22. Bb3 Bf4 23. g3 Rxd7 24. Rxd7 Rc7 25. Rd5 Be3 26. Rxa5 h5
27. Rd5 g5 28. Rd3 Bg1 29. h3 Bh2 30. g4 hxg4 31. hxg4 Kf8 32. Bd5 b6 33. c4
Ke7 34. b4 Rc8 35. Ka2 Be5 36. a4 Rh8 37. c5 bxc5 38. bxc5 Rh2+ 39. Kb3 Kd7 40.
Bxf7+ Kc6 41. Rd5 Rf2 42. Be8+ Kc7 43. Rd3 Rb2+ 44. Kc4 Rc2+ 45. Kd5 Rc1 46.
Ra3 Rxc5+ 1/2-1/2

[Event "XIII - WC Individual Men"]
[Site "Malente GER"]
[Date "2004.07.28"]
[Round "5.11"]
[White "Pushkarev G.P. (KAZ)"]
[Black "Gardarsson H. (ISL)"]
[Result "1-0"]
[WhiteElo "1805"]
[BlackElo "1984"]
[PlyCount "105"]
[EventDate "2004.??.??"]
[EventType "swiss"]
[EventRounds "11"]
[EventCountry "GER"]

1. d4 Nf6 2. Nc3 d5 3. Bg5 c6 4. Bxf6 exf6 5. e3 Bb4 6. Nge2 O-O 7. a3 Bd6 8.
Ng3 Re8 9. Bd3 Nd7 10. Qf3 Nf8 11. O-O Bc7 12. Rad1 Ne6 13. Nf5 Ng5 14. Qe2 g6
15. Ng3 f5 16. f4 Ne6 17. Qf3 Ng7 18. Nb1 b5 19. Nd2 Bb6 20. Rfe1 a5 21. b3 Bb7
22. c4 b4 23. a4 c5 24. cxd5 cxd4 25. e4 fxe4 26. Bxe4 f5 27. Bd3 Re3 28. Qf1
Bxd5 29. Nc4 Rxe1 30. Qxe1 Qf6 31. Qd2 Bxc4 32. Bxc4+ Kf8 33. Kh1 Re8 34. h3
Qh4 35. Kh2 Re3 36. Nf1 Re7 37. g3 Qf6 38. Qg2 Ne8 39. Qd5 Qg7 40. Nd2 Rd7 41.
Qe6 Rd6 42. Qe2 Qe7 43. Qf1 Qe3 44. Nf3 d3 45. Bxd3 Nf6 46. Ne5 Nh5 47. Qg2 Qf2
48. Nc4 Qxg2+ 49. Kxg2 Rc6 50. Nxb6 Rxb6 51. Bc4 Rb8 52. Rd7 Nf6 53. Rf7+ 1-0

[Event "XIII - WC Individual Men"]
[Site "Malente GER"]
[Date "2004.07.28"]
[Round "5.11"]
[White "Peshev T. (BUL)"]
[Black "Kluss E. (LAT)"]
[Result "1-0"]
[WhiteElo "1840"]
[BlackElo "1805"]
[PlyCount "91"]
[EventDate "2004.??.??"]
[EventType "swiss"]
[EventRounds "11"]
[EventCountry "GER"]

1. e4 c5 2. Nf3 Nc6 3. d4 cxd4 4. Nxd4 e5 5. Nf3 Nf6 6. Nbd2 Be7 7. Be2 O-O 8.
O-O Qc7 9. c3 Rb8 10. h3 a6 11. Bd3 Rd8 12. Bc2 h6 13. Qe2 d6 14. Rd1 Be6 15.
Nf1 Rdc8 16. Kh2 d5 17. Ng3 Rd8 18. Kg1 d4 19. Ne1 Rbc8 20. Bd3 Nh7 21. Bd2 Bg5
22. Nf3 Bxd2 23. Rxd2 dxc3 24. bxc3 Nf8 25. Bc2 Ng6 26. Bb3 Qe7 27. Rad1 Rxd2
28. Rxd2 Rd8 29. Qd1 b5 30. Bxe6 Rxd2 31. Bxf7+ Qxf7 32. Qxd2 Qc4 33. Kh2 Kh7
34. h4 Nf4 35. Qd7 Qe6 36. Qb7 Ne7 37. Qc7 Nd3 38. Qa7 Nf4 39. h5 Qd6 40. Nh4
Qf6 41. Nf3 Qd6 42. Qb7 Qf6 43. Qc7 Nc6 44. Ng1 Nd3 45. Nf5 Nc5 46. Nd6 1-0

[Event "XIII - WC Individual Men"]
[Site "Malente GER"]
[Date "2004.07.28"]
[Round "5.11"]
[White "Frajka P. (SVK) "]
[Black "Carmichael I. (SCO)"]
[Result "1/2-1/2"]
[WhiteElo "1805"]
[BlackElo "1805"]
[PlyCount "88"]
[EventDate "2004.??.??"]
[EventType "swiss"]
[EventRounds "11"]
[EventCountry "GER"]

1. d4 f5 2. c4 g6 3. Nc3 Nf6 4. Nf3 Bg7 5. Bg5 d6 6. Qd2 O-O 7. g3 c6 8. Bg2
Nbd7 9. O-O e5 10. dxe5 Nxe5 11. b3 Nf7 12. Bxf6 Qxf6 13. Rac1 Be6 14. Rfd1
Rad8 15. e3 d5 16. cxd5 Bxd5 17. Nxd5 Rxd5 18. Nd4 Rdd8 19. Qb4 Nd6 20. Rc2
Rfe8 21. Rcd2 Bf8 22. Qa5 a6 23. Qb6 Rd7 24. Nc2 Qd8 25. Qc5 Qc7 26. Qd4 Rdd8
27. Qf4 Qe7 28. Rd3 Qe5 29. Qxe5 Rxe5 30. Na3 Ree8 31. Nc4 Nf7 32. Rd7 Rxd7 33.
Rxd7 Re7 34. Rxe7 Bxe7 35. e4 fxe4 36. Bxe4 Nd6 37. Nxd6 Bxd6 38. f4 a5 39. Kg2
Kg7 40. Kf3 Kf6 41. g4 h6 42. h4 Bb4 43. Ke2 g5 44. hxg5+ hxg5 1/2-1/2

[Event "XIII - WC Individual Men"]
[Site "Malente GER"]
[Date "2004.07.29"]
[Round "6.11"]
[White "Salov S. (RUS)"]
[Black "Anarkulov A. (UZB)"]
[Result "1/2-1/2"]
[WhiteElo "2291"]
[BlackElo "2166"]
[PlyCount "23"]
[EventDate "2004.??.??"]
[EventType "swiss"]
[EventRounds "11"]
[EventCountry "GER"]

1. e4 g6 2. d4 Bg7 3. Nc3 d6 4. Nf3 Nf6 5. Be2 O-O 6. O-O c6 7. a4 Bg4 8. Be3
Nbd7 9. Qd2 e5 10. dxe5 Nxe5 11. Nxe5 dxe5 12. Qxd8 1/2-1/2

[Event "XIII - WC Individual Men"]
[Site "Malente GER"]
[Date "2004.07.29"]
[Round "6.11"]
[White "Kovalenko V.N. (UKR)"]
[Black "Nauryzgaliev A. (KAZ)"]
[Result "1-0"]
[WhiteElo "2263"]
[BlackElo "2060"]
[PlyCount "129"]
[EventDate "2004.??.??"]
[EventType "swiss"]
[EventRounds "11"]
[EventCountry "GER"]

1. e4 c6 2. Nc3 d5 3. Nf3 dxe4 4. Nxe4 Nf6 5. Nxf6+ exf6 6. d4 Be6 7. Be2 Bd6
8. O-O Qc7 9. c4 O-O 10. Be3 Nd7 11. Rc1 b6 12. Qd3 Bg4 13. h3 Bh5 14. Rfd1
Rad8 15. Nh4 Bxe2 16. Qxe2 g6 17. Qg4 Kh8 18. Bh6 Rg8 19. Bd2 f5 20. Qe2 Rge8
21. Qd3 Nc5 22. Qc2 Ne4 23. Bh6 Bh2+ 24. Kf1 Nxf2 25. Qxf2 Bg3 26. Nxg6+ hxg6
27. Qf3 Re4 28. d5 Kh7 29. Bd2 cxd5 30. cxd5 Qb8 31. Rc3 Be5 32. Rd3 Bxb2 33.
Re1 Qe5 34. Rxe4 Qxe4 35. Bf4 Qxf3+ 36. gxf3 Kg7 37. Bc7 Rd7 38. d6 g5 39. Rb3
Bd4 40. Ra3 a5 41. Rb3 a4 42. Rb4 Bc5 43. Rxa4 Bxd6 44. Bxb6 Be5 45. Bf2 Rd1+
46. Kg2 Rd2 47. Kf1 f6 48. Ra8 Rd1+ 49. Kg2 Ra1 50. a4 Ra2 51. Kf1 Bc3 52. Bb6
Rh2 53. a5 Bxa5 54. Rxa5 f4 55. Bd4 Rxh3 56. Kg2 Rh4 57. Rf5 Kf7 58. Rxf6+ Ke7
59. Ra6 Kf7 60. Ra8 Rh6 61. Ra7+ Ke8 62. Rb7 Rd6 63. Bf2 Rd5 64. Rc7 Kd8 65.
Rc5 1-0

[Event "XIII - WC Individual Men"]
[Site "Malente GER"]
[Date "2004.07.29"]
[Round "6.11"]
[White "Georgiev V. (BUL)"]
[Black "Smatoc M. (ROU)"]
[Result "1-0"]
[WhiteElo "2332"]
[BlackElo "2090"]
[PlyCount "83"]
[EventDate "2004.??.??"]
[EventType "swiss"]
[EventRounds "11"]
[EventCountry "GER"]

1. e4 c5 2. Nf3 d6 3. d4 cxd4 4. Nxd4 Nf6 5. Nc3 a6 6. Be3 e5 7. Nb3 Be7 8. Qd2
Nbd7 9. f3 Qc7 10. g4 h6 11. O-O-O b5 12. Kb1 Bb7 13. Bxb5 axb5 14. Nxb5 Qc6
15. Nxd6+ Qxd6 16. Qxd6 Bxd6 17. Rxd6 Ke7 18. Rhd1 Ra6 19. R6d2 Rc8 20. h4 Rc7
21. Nc1 Ne8 22. b3 Rf6 23. Rf2 Rc3 24. Nd3 Rd6 25. Kb2 Rc8 26. c4 Ba6 27. Kc3
Nc7 28. Rfd2 Ne6 29. Nb4 Rxd2 30. Rxd2 Bb7 31. Nd5+ Ke8 32. b4 Nc7 33. a4 Nxd5+
34. exd5 Nf6 35. Kb3 Kd7 36. g5 hxg5 37. hxg5 Ne8 38. c5 Kc7 39. b5 f6 40. a5
Rd8 41. c6 Rb8 42. d6+ 1-0

[Event "XIII - WC Individual Men"]
[Site "Malente GER"]
[Date "2004.07.29"]
[Round "6.11"]
[White "Patackas J.P. (LTU)"]
[Black "Checiak K. (POL)"]
[Result "1/2-1/2"]
[WhiteElo "1830"]
[BlackElo "2117"]
[PlyCount "97"]
[EventDate "2004.??.??"]
[EventType "swiss"]
[EventRounds "11"]
[EventCountry "GER"]

1. e4 c5 2. Nf3 e6 3. d4 cxd4 4. Nxd4 a6 5. Nc3 Nc6 6. Be2 Nge7 7. O-O Nxd4 8.
Qxd4 Nc6 9. Qe3 Be7 10. Qg3 O-O 11. Be3 b5 12. a3 d6 13. f4 Bh4 14. Qf3 Na5 15.
g3 Be7 16. Qf2 Rb8 17. b4 Nc4 18. Bxc4 bxc4 19. f5 Qd7 20. Bd4 Qc6 21. f6 gxf6
22. Bxf6 Qc7 23. Qf4 Bxf6 24. Qxf6 Qd8 25. Rf4 Qxf6 26. Rxf6 Bb7 27. Raf1 Bc6
28. Kf2 Rfd8 29. Ke3 Rb7 30. Rd1 Kg7 31. Rf2 Kf8 32. e5 d5 33. Kd4 Ke7 34. Rdf1
Rf8 35. Ne2 Be8 36. Nf4 Rg8 37. Nh5 Rg4+ 38. Rf4 Rg6 39. Nf6 h6 40. Rg4 Ba4 41.
Rf2 Rb8 42. Rgf4 Rg7 43. Nh5 Rh7 44. c3 Bd1 45. g4 Ra8 46. h3 Ba4 47. Nf6 Rg7
48. Nh5 Rh7 49. Nf6 1/2-1/2

[Event "XIII - WC Individual Men"]
[Site "Malente GER"]
[Date "2004.07.29"]
[Round "6.11"]
[White "Hoffmann R. (GER)"]
[Black "Simoes J.W. (POR)"]
[Result "1-0"]
[WhiteElo "2139"]
[BlackElo "2048"]
[PlyCount "69"]
[EventDate "2004.??.??"]
[EventType "swiss"]
[EventRounds "11"]
[EventCountry "GER"]

1. d4 d5 2. Nf3 Nf6 3. c4 e6 4. Nc3 Be7 5. Bf4 c6 6. Qb3 Nbd7 7. h3 O-O 8. e3
Re8 9. Be2 Nf8 10. g4 Ng6 11. Bg3 Bd6 12. Bxd6 Qxd6 13. O-O-O b6 14. g5 Nd7 15.
h4 Bb7 16. h5 Ngf8 17. Kb1 a6 18. e4 b5 19. c5 Qc7 20. e5 g6 21. Bd3 Re7 22.
Qc2 Nb8 23. Rh4 Ra7 24. Nh2 Bc8 25. Ng4 Kg7 26. Rdh1 Kh8 27. Qc1 Qd8 28. Qf4
Rec7 29. Nf6 Rab7 30. Qh2 Ra7 31. Ne2 a5 32. Nf4 Na6 33. hxg6 fxg6 {Diagramm #}
34. Nxg6+ Nxg6 35. Rxh7+ 1-0

[Event "XIII - WC Individual Men"]
[Site "Malente GER"]
[Date "2004.07.29"]
[Round "6.11"]
[White "Gardner P.K. (ENG)"]
[Black "Bokros I. (HUN)"]
[Result "1/2-1/2"]
[WhiteElo "1830"]
[BlackElo "2130"]
[PlyCount "27"]
[EventDate "2004.??.??"]
[EventType "swiss"]
[EventRounds "11"]
[EventCountry "GER"]

1. e4 c5 2. c3 Nf6 3. e5 Nd5 4. d4 cxd4 5. Nf3 e6 6. cxd4 Nc6 7. Bc4 Nb6 8. Bb3
d6 9. exd6 Bxd6 10. O-O O-O 11. Nc3 Be7 12. Be3 Nb4 13. Qe2 N4d5 14. Rac1
1/2-1/2